La discographie de Enhypen - Statistiques

Statistiques générales
  • Ce quiz a été pris 606 fois
    80 depuis la dernière actualisation
  • Le résultat moyen est 60 sur 80
Statistiques - réponses
Réponse % Correct
Drunk-Dazed
98%
Bite Me
94%
Given-Taken
94%
XO (Only If You Say Yes)
94%
Fever
92%
Bad Desire (With Or Without You)
88%
Sweet Venom
88%
Tamed-Dashed
88%
Fatal Trouble
86%
Go Big Or Go Home
86%
Future Perfect (Pass The Mic)
84%
Knife
84%
Moonstruck
84%
No Way Back (feat So!YoON!)
82%
Sacrifice (Eat Me Up)
82%
10 months
80%
Bills
80%
Blessed-Cursed
80%
Brought The Heat Back
80%
Chaconne
80%
Criminal Love
80%
Intro : Walk The Line
80%
Karma
80%
Not For Sale
80%
Orange Flower (You Complete Me)
80%
Royalty
80%
Attention, please !
78%
Big Girls Don't Cry
78%
Fate
78%
Highway 1009
78%
Intro : The Invitation
78%
Loose
78%
Lucifer
78%
Paranormal
78%
Polaroid Love
78%
Shout Out
78%
Still Monster
78%
Teeth
78%
Too Close
78%
Your Eyes Only
78%
Helium
76%
Intro : Whiteout
76%
Let Me In (20 cube)
76%
Outside
76%
ParadoXXX Invasion
76%
Blockbuster (feat Yeonjun)
74%
Mixed Up
74%
No Doubt
74%
One In A Billion
74%
Blind
72%
Flicker
72%
Outro : Cross The Line
72%
Outro : Day 2
72%
Scream
72%
Sleep Tight
72%
Foreshadow
70%
Hey Tayo
70%
Hundred Broken Hearts
70%
Outro : The Wormhole
70%
Stealer
70%
TFW (That Feeling When)
70%
Echoes
68%
Flashover
68%
One And Only
68%
Billie Poco
66%
Daydream
66%
Forget Me Not
66%
I Need The Light
66%
Lost Island
66%
Just A Little Bit
64%
Upper Side Dreamin'
64%
Always
62%
Blossom
62%
Walk The Line
62%
Mortal
60%
Shine On Me
60%
Home
54%
Interlude : Question
50%
Make The Change
48%
Keep Swimmin' Through
44%
Aucun quiz correspondant
Distribution des résultats
% des personnes avec chaque résultat
Percentile par nombre de réponses
Votre historique - résultats
Vous n’avez pas pris ce quiz depuis la dernière actualisation